| 000 | 01266nam a2200241 i 4500 | ||
|---|---|---|---|
| 001 | 82067 | ||
| 003 | ES-MaACL | ||
| 005 | 20250806024740.0 | ||
| 007 | t| | ||
| 008 | 041116s1894 sp |||| | spa d | ||
| 100 | 1 |
_aSánchez Moguel, Antonio, _d1838-1913 _9102783 |
|
| 245 | 1 | 4 |
_aLas conferencias americanistas / _cdiscurso resumen de Antonio Sánchez Moguel, leído el día 19 de junio de 1892. |
| 260 |
_aMadrid : _b[s.n.], _c1894 ( _fSucesores de Rivadeneyra) |
||
| 300 |
_a21 p. ; _c25 cm. |
||
| 500 | _aForma parte de: "El continente americano : conferencias dadas en el Ateneo Científico, Literario y Artístico de Madrid con motivo del Cuarto Centenario del Descubrimiento de América". Madrid, 1894, tít. que agrupa todas las conferencias del ciclo en tres volúmenes, cada una de ellas con port. y año propios. Esta publicación pertenece al t. 3º. | ||
| 500 | _aPrecede al tít.: Ateneo de Madrid. | ||
| 610 | 2 | 4 |
_aAteneo de Madrid- _vConferencias- _yS.XIX. _91910 |
| 610 | 2 | 4 |
_aAteneo de Madrid- _vObras digitalizadas. _91930 |
| 740 | 3 | 2 | _aEl continente americano. |
| 852 |
_aES-MaACL _jR-2605(17) |
||
| 856 |
_uhttp://www.ateneodemadrid.com/biblioteca_digital/folletos/Folletos-0071.pdf _zVer documento |
||
| 999 |
_c82067 _d82067 |
||